Wheel of Time Forsaken Quiz Stats

 Plays Quiz Updated Mar 12, 2020

Support Sporcle.
Go Orange.
Score 0/17 Timer 04:00
1 Play Today
% Correct
Lanfear
89%
Sammael
74.2%
Graendal
71.5%
Asmodean
70.5%
Moghedien
69.4%
Ishamael
69.2%
Rahvin
68%
Be'lal
65.1%
Demandred
63.4%
% Correct
Moridin
61.5%
Aginor
61%
Semirhage
60.7%
Aran'gar
60.4%
Osan'gar (Deceased)
59.2%
Mesaana
53.9%
Cyndane
50%
Balthamel
48.6%

From the Vault

What to Eat in Songs

by JoeBeta

Music 4m
The music is speaking directly to your empty stomach.
Remove Ads.
Support Sporcle.
Get the best of Sporcle when you Go Orange. This ad-free experience offers more features, more stats, and more fun while also helping to support Sporcle. Thank you for becoming a member.

Show Comments

Extras

Top Quizzes Today


Score Distribution

Your Account Isn't Verified!

In order to create a playlist on Sporcle, you need to verify the email address you used during registration. Go to your Sporcle Settings to finish the process.

Report this User

Report this user for behavior that violates our Community Guidelines.

Details: